00267nam a2200109Ia 4500008004100000082000800041082000800049245006100057245001500118260001500133300000900148231017s9999 xx 000 0 und d a624 bKRA 0aSeepage Modeling with SEEP/W: An Engineering Methodology 0cJohn Krahn bJohn Krahn c30cm